Инвариантность факта с точки зрения феноменологии восприятия; Вестник Томского государственного университета; № 362

Detaylı Bibliyografya
Parent link:Вестник Томского государственного университета/ Национальный исследовательский Томский государственный университет (ТГУ).— , 1998-
№ 362.— 2012.— [С. 30-33]
Yazar: Гончаренко М. В. Марк Васильевич
Özet:Заглавие с экрана
Рассматривается предположение о том, что факт как конституированная определенным образом модель действительности в своем основании имеет в качестве определяющего фактора всеобщности объект, поскольку бесконечно разнообразная репрезентация последнего совершенно невозможна вне факта; также рассматривается трансцендентная природа факта, как и его восприятия, обусловленная двумя аспектами: онтологическим и эпистемологическим
Topicality of such a systemically important factor for cognitive and historical complexes as knowledge systems is inevitable in terms of modern scientific and pseudo-scientific discourse. The systemically important factor is also a demonstration of the phenomenon of intersubjectivity constituting the united discourse field at a certain historical stage of intellectual generation
Режим доступа: по договору с организацией-держателем ресурса
Dil:Rusça
Baskı/Yayın Bilgisi: 2012
Konular:
Online Erişim:http://elibrary.ru/item.asp?id=17963456
Materyal Türü: MixedMaterials Elektronik Kitap Bölümü
KOHA link:https://koha.lib.tpu.ru/cgi-bin/koha/opac-detail.pl?biblionumber=636517

MARC

LEADER 00000nla0a2200000 4500
001 636517
005 20250328104319.0
035 |a (RuTPU)RU\TPU\network\525 
035 |a RU\TPU\network\505 
090 |a 636517 
100 |a 20140210d2012 k y0rusy50 ca 
101 0 |a rus 
102 |a RU 
135 |a drcn ---uucaa 
181 0 |a i  
182 0 |a b 
200 1 |a Инвариантность факта с точки зрения феноменологии восприятия  |f М. В. Гончаренко 
203 |a Текст  |c электронный 
300 |a Заглавие с экрана 
320 |a [Библиогр.: с. 33 (9 назв.)] 
330 |a Рассматривается предположение о том, что факт как конституированная определенным образом модель действительности в своем основании имеет в качестве определяющего фактора всеобщности объект, поскольку бесконечно разнообразная репрезентация последнего совершенно невозможна вне факта; также рассматривается трансцендентная природа факта, как и его восприятия, обусловленная двумя аспектами: онтологическим и эпистемологическим 
330 |a Topicality of such a systemically important factor for cognitive and historical complexes as knowledge systems is inevitable in terms of modern scientific and pseudo-scientific discourse. The systemically important factor is also a demonstration of the phenomenon of intersubjectivity constituting the united discourse field at a certain historical stage of intellectual generation 
333 |a Режим доступа: по договору с организацией-держателем ресурса 
461 |t Вестник Томского государственного университета  |f Национальный исследовательский Томский государственный университет (ТГУ)  |d 1998- 
463 |t № 362  |v [С. 30-33]  |d 2012 
610 1 |a электронный ресурс 
610 1 |a труды учёных ТПУ 
610 1 |a факты 
610 1 |a объекты 
610 1 |a интерсубъективность 
610 1 |a прафеномен 
610 1 |a дискурс 
700 1 |a Гончаренко  |b М. В.  |c специалист в области психологии и педагогики  |c доцент Томского политехнического университета, кандидат философских наук  |f 1973-  |g Марк Васильевич  |3 (RuTPU)RU\TPU\pers\31768 
801 2 |a RU  |b 63413507  |c 20141110  |g RCR 
856 4 |u http://elibrary.ru/item.asp?id=17963456 
942 |c CF